Najczęściej odwiedzane państwa przez Polaków - Statystyki

Ogólne statystyki
  • Ten quiz został rozwiązany 100 526 razy
  • Średni wynik to 8 z 10
Statystyki odpowiedzi
Podróżni Przeznaczenie % Poprawnych
2 356 500 Niemcy
97%
661 700 Hiszpania
90%
364 900 Francja
88%
725 800 Czechy
85%
999 900 Włochy
84%
970 500 Wielka Brytania
81%
389 500 Słowacja
78%
683 800 Chorwacja
74%
671 200 Grecja
73%
423 600 Austria
52%
Nie znaleziono quizów pasujących do podanych kryteriów
Rozkład punktacji
Procent ludzi z każdym wynikiem
Percentyl według liczby udzielonych odpowiedzi
Twoja historia wyników
Nie rozwiązałeś tego quizu